| 000 | 01176nam0a2200289 4500 | ||
|---|---|---|---|
| 001 | RU\NLR\bibl\63702 | ||
| 005 | 20250616092504.0 | ||
| 021 |
_aRU _b99-34891 _91713 |
||
| 035 | _a(NLR Aleph) 000062165 | ||
| 090 |
_a339177 _c339177 |
||
| 100 | _a19991215d1999 |||y0rusy50 ca | ||
| 101 | 0 | _arus | |
| 102 | _aRU | ||
| 105 | _ay ||||||||| | ||
| 200 | 1 |
_aЗавал _eПовесть. Сказы _fГалим Сулейманов |
|
| 210 |
_aПермь _cВся Пермь _d1999 |
||
| 215 |
_a180, [1] c. _d21 |
||
| 327 | 1 | _aСодерж.: Завал: Повесть; Шахтерские сказы: Старик Точило; Березовые рельсы; Кот в забое; Березки на терриконе; Конопляное зернышко; Антонов газомер; Горный гриб | |
| 686 | _aШ6(2=Р)75-44 | ||
| 700 | 1 |
_aСулейманов _bГ. И. _f1928- _gГалим Ибрагимович _4070 |
|
| 801 | 0 |
_aRU _bNLR _c19991215 _gPSBO |
|
| 801 | 1 |
_aRU _bNLR _c19991215 |
|
| 852 |
_aNLR _j99-5/4137 |
||
| 942 | _cBOOK | ||
| 980 | _aNB | ||